[Event "GRE-chT Online Rapid op 1st"]
[Site "Tornelo INT"]
[Date "2021.02.21"]
[Round "9.40"]
[White "Foteinakis, Panagiotis Angelos"]
[Black "Kotrotsos, Nikodimos"]
[Result "0-1"]
[WhiteElo "1010"]
[BlackElo "1350"]
[PlyCount "128"]
[EventDate "2021.02.20"]
[EventType "team-swiss (rapid)"]
[EventRounds "9"]
[EventCountry "GRE"]
[SourceTitle "EXT 2023"]
[Source "ChessBase"]
[SourceDate "2022.10.05"]
[SourceVersion "1"]
[SourceVersionDate "2022.10.05"]
[SourceQuality "1"]

1. e4 e5 2. Nf3 Nc6 3. Bc4 h6 4. d3 Nf6 5. Be3 d5 6. exd5 Nxd5 7. 0-0 Be6 8. Bb3 Be7 9. Nc3 Nxe3 10. fxe3 0-0 11. d4 exd4 12. exd4 Bxb3 13. axb3 Re8 14. Ne2 Bf6 15. c3 Ne7 16. Ng3 Ng6 17. Qd3 Nf4 18. Qd2 Ng6 19. Rfe1 a6 20. Rxe8+ Qxe8 21. Re1 Qc6 22. Ne5 Nxe5 23. dxe5 Qc5+ 24. Qd4 Qxd4+ 25. cxd4 Bh4 26. Kf2 Rd8 27. Rd1 c5 28. Ke3 cxd4+ 29. Rxd4 Bg5+ 30. Ke4 Re8 31. Kf5 Bc1 32. Rd7 Bxb2 33. Rxb7 Rxe5+ 34. Kf4 g5+ 35. Kf3 Bc1 36. Rc7 Bf4 37. Ra7 a5 38. h4 Re3+ 39. Kf2 Rxg3 40. hxg5 hxg5 41. Rxa5 Rxb3 42. Ra8+ Kg7 43. Ra4 f5 44. Rc4 Bg3+ 45. Ke2 f4 46. Rc7+ Kf6 47. Rc6+ Kf5 48. Rc5+ Kg4 49. Rc4 Re3+ 50. Kd2 Be1+ 51. Kd1 Kg3 52. Rc2 Bf2 53. Kc1 Kxg2 54. Kb2 f3 55. Ka1 Re1+ 56. Kb2 Re2 57. Rxe2 fxe2 58. Ka3 Bc5+ 59. Ka4 e1Q 60. Kb5 Qb4+ 61. Kc6 Kf3 62. Kd7 Qb6 63. Ke8 Qb7 64. Kd8 Bd6 0-1

[Event "GRE-chT Online Rapid op 1st"]
[Site "Tornelo INT"]
[Date "2021.02.20"]
[Round "2.42"]
[White "Felekos, Georgios"]
[Black "Foteinakis, Panagiotis Angelos"]
[Result "0-1"]
[WhiteElo "1470"]
[BlackElo "1010"]
[PlyCount "138"]
[EventDate "2021.02.20"]
[EventType "team-swiss (rapid)"]
[EventRounds "9"]
[EventCountry "GRE"]
[SourceTitle "EXT 2023"]
[Source "ChessBase"]
[SourceDate "2022.10.05"]
[SourceVersion "1"]
[SourceVersionDate "2022.10.05"]
[SourceQuality "1"]

1. e4 e5 2. Nf3 Nf6 3. Nxe5 d6 4. Nf3 Nxe4 5. Bc4 d5 6. Bb3 Bd6 7. d3 Nf6 8. Bg5 c6 9. h3 h6 10. Be3 0-0 11. 0-0 Nbd7 12. Re1 Ne5 13. Nbd2 Qc7 14. Bd4 Re8 15. Bxe5 Bxe5 16. d4 Bd6 17. Rxe8+ Nxe8 18. Qe2 Be6 19. Re1 Nf6 20. Ne5 a5 21. c3 Bf5 22. Ndf3 Ne4 23. Bc2 h5 24. Nh4 Bh7 25. Qxh5 g6 26. Qf3 Bxe5 27. Bxe4 Bh2+ 28. Kf1 dxe4 29. Qxe4 Bd6 30. Nf3 g5 31. Qg4 Bf4 32. g3 f5 33. Qh5 g4 34. Ne5 Bxe5 35. Rxe5 gxh3 36. Re8+ Rxe8 37. Qxe8+ Kg7 38. Qe5+ Qxe5 39. dxe5 Kf7 40. f4 Ke6 41. Kg1 Bg8 42. c4 b5 43. b3 a4 44. cxb5 cxb5 45. bxa4 bxa4 46. a3 Kd5 47. Kh2 Ke4 48. Kxh3 Kf3 49. Kh4 Be6 50. Kh3 Ke3 51. Kh4 Kd3 52. Kg5 Kc3 53. Kf6 Bc8 54. e6 Kb3 55. e7 Bd7 56. Ke5 Kxa3 57. Kd6 Bb5 58. Ke5 Bd7 59. Kd6 Be8 60. Ke5 Kb3 61. Kxf5 a3 62. Ke6 a2 63. f5 a1Q 64. f6 Qa6+ 65. Ke5 Bf7 66. Kf5 Qe6+ 67. Kg5 Qe5+ 68. Kh6 Qxf6+ 69. Kh7 Qg6+ 0-1

[Event "GRE-chT Online Rapid op 1st"]
[Site "Tornelo INT"]
[Date "2021.02.20"]
[Round "3.32"]
[White "Foteinakis, Panagiotis Angelos"]
[Black "Giannopoulos, Ioannis"]
[Result "0-1"]
[WhiteElo "1010"]
[BlackElo "1740"]
[PlyCount "32"]
[EventDate "2021.02.20"]
[EventType "team-swiss (rapid)"]
[EventRounds "9"]
[EventCountry "GRE"]
[SourceTitle "EXT 2023"]
[Source "ChessBase"]
[SourceDate "2022.10.05"]
[SourceVersion "1"]
[SourceVersionDate "2022.10.05"]
[SourceQuality "1"]

1. d4 Nf6 2. Nf3 e6 3. e3 c5 4. Bd3 b6 5. c3 Bb7 6. Nbd2 Be7 7. 0-0 0-0 8. e4 cxd4 9. cxd4 d6 10. Nc4 d5 11. exd5 Nxd5 12. Nfe5 Nc6 13. Qf3 Nxd4 14. Qe4 Nf5 15. g4 Nf6 16. Qf3 Bxf3 0-1